Music Quiz

Random Music or Lyrics Quiz

U2 Song Start Spree Quiz Stats

 Plays Quiz Updated Oct 19, 2016

Score 0/189 Timer 15:00
0 Plays Today
Song % Correct
Song 1I
97.4%
Song 1I
97.4%
Song 2I
97.4%
Song 4I
97.4%
Song 5I
97.4%
Song 5I
97.4%
Song 1a
94.1%
Song 2a
94.1%
Song 3a
94.1%
Song 4A
94.1%
Song 1the
91.9%
Song 1the
91.9%
Song 2the
91.9%
Song 2the
91.9%
Song 2the
91.9%
Song 3The
91.9%
Song 3the
91.9%
Song 3The
91.9%
Song 5the
91.9%
Song 1you.
91.1%
Song 1you.
91.1%
Song 2You
91.1%
Song 2you
91.1%
Song 2You
91.1%
Song 2you
91.1%
Song 2you.
91.1%
Song 3you
91.1%
Song 4you,
91.1%
Song 4you
91.1%
Song 4be
83.7%
Song 4be
83.7%
Song 5be
83.7%
Song 1On
82.9%
Song 2on
82.9%
Song 4on
82.9%
Song 4on
82.9%
Song 4On
82.9%
Song 1and
82.3%
Song 1And
82.3%
Song 3and
82.3%
Song 3and
82.3%
Song 4and
82.3%
Song 5and
82.3%
Song 2to
81.9%
Song 2to
81.9%
Song 3to
81.9%
Song 3to
81.9%
Song 4to
81.9%
Song 1in
79.8%
Song 1in
79.8%
Song 3in
79.8%
Song 4in
79.8%
Song 2is
79.7%
Song 3is
79.7%
Song 3is
79.7%
Song 4is
79.7%
Song 4with
79.6%
Song 4with
79.6%
Song 2we
73.8%
Song 5we
73.8%
Song 5we
73.8%
Song 1of
73.2%
Song 1of
73.2%
Song % Correct
Song 1of
73.2%
Song 2of
73.2%
Song 3of
73.2%
Song 2want
72.3%
Song 2want
72.3%
Song 2want
72.3%
Song 4want
72.3%
Song 5it
71.3%
Song 1me
70.8%
Song 5can
69.5%
Song 1your
68.6%
Song 1your
68.6%
Song 2your
68.6%
Song 5go
68.6%
Song 4Day.
68.4%
Song 4day.
68.4%
Song 4Day.
68.4%
Song 4Day.
68.4%
Song 1for
68%
Song 2all
66.8%
Song 2all
66.8%
Song 4All
66.8%
Song 3no
66%
Song 3no
66%
Song 5one,
62.9%
Song 1See
61.5%
Song 1See
61.5%
Song 1she
60.3%
Song 1eyes.
59.7%
Song 5eyes
59.7%
Song 2make.
58.9%
Song 5make
58.9%
Song 4New
58.8%
Song 4New
58.8%
Song 4New
58.8%
Song 1without
58.3%
Song 4night
57.3%
Song 5my
57%
Song 3this
56.5%
Song 5this
56.5%
Song 4Year's
55.9%
Song 4Year's
55.9%
Song 4Year's
55.9%
Song 2say
55.6%
Song 2say
55.6%
Song 2When
55.2%
Song 5can't
54.8%
Song 5can't
54.8%
Song 1wait
52.2%
Song 1wait.
52.2%
Song 1wait...
52.2%
Song 3not
51.9%
Song 5How
50.3%
Song 5how
50.3%
Song 5How
50.3%
Song 5how
50.3%
Song 4quiet
49.2%
Song 5as
48.8%
Song 2From
48.7%
Song 2But
48%
Song 5away.
46.4%
Song 1bed
45.9%
Song 1hand
45.2%
Song % Correct
Song 1twist
44.7%
Song 1twist
44.7%
Song 1nails
43.4%
Song 5song?
42.7%
Song 1fate.
42.5%
Song 4world
42.5%
Song 1makes
42.5%
Song 3that
42.2%
Song 5sing
41.9%
Song 5long,
41.9%
Song 5long
41.9%
Song 5long,
41.9%
Song 5long?
41.9%
Song 1side.
41.7%
Song 5close
40.9%
Song 1thorn
40.7%
Song 5must
40%
Song 3heart
39.7%
Song 3out
39.6%
Song 1set
39.6%
Song 5today.
39.2%
Song 5believe
38.9%
Song 3up
37.7%
Song 5news
37%
Song 4Nothing
36.8%
Song 1stone
36.3%
Song 2gold.
36.1%
Song 3You're
35.2%
Song 3you're
35.2%
Song 5tonight
34.8%
Song 5tonight.
34.8%
Song 2grave.
34.7%
Song 2cradle
34.4%
Song 2diamonds
34.3%
Song 2ring
34.2%
Song 4changes
34.1%
Song 2promises
34%
Song 3had
33.7%
Song 2story
33.1%
Song 1Sleight
32.2%
Song 2remain
31.9%
Song 2untold.
31.9%
Song 5'Cause
30.7%
Song 4white
27.6%
Song 3through
27%
Song 3town.
25.5%
Song 3stuck
25.1%
Song 3luck
24.8%
Song 3There's
24.6%
Song 4underway.
24.4%
Song 3ground.
23.5%
Song 3space
23.4%
Song 3room,
23.1%
Song 3reason
23%
Song 3anywhere.
22.6%
Song 3traffic
22.4%
Song 3bloom,
22.3%
Song 3moving
22.2%
Song 3care.
21.8%
Song 3shoots
21.4%
Song 3stony
20.7%
Song 3rent
19.9%
Song 4gets
18%

You're not logged in!

Compare scores with friends on all Sporcle quizzes.
OR
Log In

You Might Also Like...

Show Comments

Extras

Top Quizzes Today


Score Distribution

Your Account Isn't Verified!

In order to create a playlist on Sporcle, you need to verify the email address you used during registration. Go to your Sporcle Settings to finish the process.

Report this User

Report this user for behavior that violates our Community Guidelines.

Details: